Taylor Swift Charting Songs (Pop Airplay) - Statistics

General Stats
  • This quiz has been taken 9 times
  • The average score is 26 of 50
Answer Stats
Album Feature(s) Peak Song % Correct
Lover None #1 (10 Weeks) Cruel Summer
100%
Midnights None #1 (3 Weeks) Anti-Hero
83%
1989 Kendrick Lamar #1 (5 Weeks) Bad Blood
83%
1989 None #1 (6 Weeks) Blank Space
83%
Red None #1 (7 Weeks) I Knew You Were Trouble
83%
The Life of a Showgirl None #1 (3 Weeks) Opalite
83%
1989 None #1 (3 Weeks) Style
83%
The Life of a Showgirl None #1 (5 Weeks) The Fate of Ophelia
83%
Red None #12 22
67%
Red Ed Sheeran #14 Everything Has Changed
67%
The Tortured Poets Department Post Malone #5 Fortnight
67%
Midnights None #1 (1 Week) Karma
67%
Reputation None #1 (1 Week) Look What You Made Me Do
67%
Fearless None #1 (1 Week) Love Story
67%
Lover Brendon Urie #7 ME!
67%
1989 None #12 Out of the Woods
67%
1989 None #1 (2 Weeks) Shake it Off
67%
Red None #2 We Are Never Ever Getting Back Together
67%
1989 None #1 (2 Weeks) Wildest Dreams
67%
Speak Now None #11 Back to December
50%
Folklore None #17 Cardigan
50%
Reputation None #1 (1 Week) Delicate
50%
Lover None #16 Lover
50%
The Life of a Showgirl None #19 Elizabeth Taylor
50%
Reputation Ed Sheeran & Future #10 End Game
50%
Fifty Shades Darker Soundtrack Zayn #2 I Don’t Wanna Live Forever
50%
Midnights None #5 Lavender Haze
50%
Speak Now None #12 Mine
50%
Taylor Swift None #18 Our Song
50%
Reputation None #12 …Ready For It?
50%
Taylor Swift None #7 Teardrops on My Guitar
50%
The Life of a Showgirl Sabrina Carpenter #38 The Life of a Showgirl
50%
Valentines Day Soundtrack None #20 Today Was a Fairytale
50%
Evermore None #17 Willow
50%
Fearless None #2 You Belong With Me
50%
Lover None #9 You Need to Calm Down
50%
Strange Clouds B.o.B. #24 Both of Us
33%
The Hunger Games Soundtrack None #20 Eyes Open
33%
Fearless None #10 Fifteen
33%
The Tortured Poets Department None #6 I Can Do It With a Broken Heart
33%
1989 None #18 New Romantics
33%
= Ed Sheeran #30 The Joker and the Queen
33%
Lover None #20 The Man
33%
Love Drunk Boys Like Girls #7 Two is Better Than One
33%
1989 (TV) None #1 (1 Week) Is It Over Now (TV)
17%
The Tortured Poets Department None #40 My Boy Only Breaks His Favorite Toys
17%
Speak Now None #21 The Story of Us
17%
The Life of a Showgirl None #39 Wi$h Li$t
17%
Lover None #35 All of the Girls You Loved Before
0%
Red (TV) None #17 Message in a Bottle (TV)
0%
No matching quizzes found
Score Distribution
Percent of People with Each Score
Percentile by Number Answered
Your Score History
You have not taken this quiz